000 00609nam a2200229Ia 4500
003 OSt
005 20221007074127.0
006 a|||||r|||| 00| 0
007 ta
008 221006b |||||||| |||| 00| 0 eng d
024 _a15,904
037 _cTextual
040 _aFLL
_cFLL
_beng
041 _2eng
_aeng
082 _aX72:Z2y7, L9
100 _aAiyar A.N.
245 0 _aIndian Tax Laws (1979)
260 _aMadras
_bCompany Law Institute of India Pvt. Ltd. India
_c1979
300 _axxviii,776p
_ccm.
942 _hX72:Z2y7, L9
_cTEXL
_2CC
999 _c1151258
_d1151258